000 00466nam a22001817a 4500
003 OSt
005 20220719131544.0
008 220719b |||||||| |||| 00| 0 eng d
040 _cDDC
050 _bD488K
082 _bD488K
100 _aDev, J.C.
245 _aKraisthava Sabha : Irupathu Noottantukaliloode (Malyalam)
260 _aPathanamthitta, Kerala
_bGLS Publishing
_cC.,2003
300 _a721p.:
504 _aIncludes Bibliography
942 _2ddc
_cBK
999 _c10948
_d10948